| 000 | 00556nam a2200145Ia 4500 | ||
|---|---|---|---|
| 008 | 231129s2000||||xx |||||||||||||| ||spa|| | ||
| 020 | _a958-652-110-9 | ||
| 040 | _bspa | ||
| 082 | _a342.068 E74e | ||
| 100 | _aEscuela Superior de Administración Pública | ||
| 245 | 0 | _aEstatuto básico de organización y funcionamiento de la Administración Pública: Ley 489 del 29 de diciembre de 1998. La reorganización del Estado: un instrumento para construir la Paz | |
| 260 | _c2000 | ||
| 264 | _aEsap | ||
| 942 |
_2ddc _cBKS |
||
| 999 |
_c13526 _d13526 |
||